000 01791nam a22004337a 4500
003 CHAP
005 20220329140950.0
008 971013s1937 r 00010 d
010 _a60586
011 _a61558
035 _a65724
040 _cCHAP
082 _a631.3
_bC48
100 0 0 _aChávez, Eduardo.
_922801
245 _aNociones de mecánica agrícola, estudio de las principales máquinas para la labranza, siembra, cultivo y cosechas de la tierra
250 _a2 ed.
260 _aMéxico, D. F. :
_bBanco Nacional de Crédito Agrícola,
_c1937
300 _a433 p.
_b: ilus.
590 _aBATCH-UPD
_b10
_c20130110
_lUCH01
_h0044
590 _aBATCH-UPD
_b10
_c20130110
_lUCH01
_h2112
590 _aBATCH-UPD
_b10
_c20130409
_lUCH01
_h2030
590 _aBATCH-UPD
_b10
_c20130410
_lUCH01
_h1423
590 _aBATCH-UPD
_b10
_c20130914
_lUCH01
_h0927
590 _aCONVERSION
_b10
_c20130109
_lUCH01
_h1333
650 1 4 _aMaquinaria agrícola.
_971151
901 _aBK
942 _cLIBRO
949 _a631.3 C48
_bBC
_cBPA
_d-148988
_eBPA
_h20705
_i65724
_si
949 _a631.3 C48
_bBC
_cBPA
_d-153437
_eBPA
_fc.6
_i65724
_si
949 _a631.3 C48
_bBC
_cBPA
_d33724000555454
_eBPA
_fc.3
_h20707
_i65724
_si
949 _a631.3 C48
_bBC
_cBPA
_d33724000555470
_eBPA
_fc.9
_h20713
_i65724
_si
949 _a631.3 C48
_bBC
_cBPA
_d33724000555488
_eBPA
_fc.11
_h20714
_i65724
_si
949 _a631.3 C48
_bBC
_cBPA
_d33724000555538
_eBPA
_fc.8
_h20712
_i65724
_si
949 _a631.3 C48
_bBC
_cBPA
_d33724000555900
_eBPA
_fc.2
_h20706
_i65724
_si
949 _a631.3 C48
_bBC
_cBPA
_d33724002124413
_eBPA
_fc.13
_gI.c/e
_h111115
_i65724
_si
949 _a631.3 C48
_bBC
_cMUT
_d-153436
_eMUT
_fc.4
_i65724
_si
949 _a631.3 C48
_bBC
_cMUT
_d-153438
_eMUT
_fc.12
_i65724
_si
949 _a631.3 C48
_bBC
_cMUT
_d657245
_eMUT
_fc.5
_i65724
_sb
999 _c60586
_d60586